| 000 | 00580nam a2200181Ia 4500 | ||
|---|---|---|---|
| 999 |
_c32573 _d32573 |
||
| 003 | OSt | ||
| 005 | 20200810113144.0 | ||
| 008 | 190216s9999||||xx |||||||||||||| ||und|| | ||
| 020 | _a9783764389390 | ||
| 040 | _coclc | ||
| 082 |
_a515.353 _bBER/N |
||
| 100 |
_aBertoluzza, Silvia _94020 |
||
| 245 | 0 |
_aNumerical Solutions Of Partial Differential Equations / _cSilvia Bertoluzza ; Silvia Falletta ; Giovanni Russo |
|
| 260 |
_bBirkhauser, _c2009. _aBasel: |
||
| 300 | _a201p | ||
| 650 | _aMathe Matics | ||
| 942 |
_cBK _2ddc _h515.353 _iBER/N _k515.353 _mBER/N |
||